[Event "FIDE Online Steinitz Memorial Open"]
[Site "Internet"]
[Date "2020.05.15"]
[Round "1.1"]
[White "Carlsen, Magnus"]
[Black "Svidler, Peter"]
[Result "1/2-1/2"]
[WhiteElo "2887"]
[BlackElo "2754"]
[Annotator "TA"]
[PlyCount "116"]
[EventDate "2020.05.15"]
[EventType "tourn"]
[SourceTitle "playchess.com"]
[Source "ChessBase"]
[SourceQuality "1"]

{[%evp 9,116,-60,-38,-25,-29,-27,-26,-53,-16,-15,-18,-12,-21,-18,-6,-29,-29,-27,-22,-45,-32,-72,-21,-25,-10,-60,0,0,0,-33,-7,0,0,-52,-58,-62,-61,-52,-61,-62,-57,-69,0,0,0,0,0,0,0,0,0,7,0,0,131,25,68,69,69,84,119,28,33,33,28,-29993,9,-254,17,11,12,9,14,17,29,23,30,9,57,62,58,62,48,35,35,31,56,52,4614,25,37,20,20,8,60,8,69,39,68,8,8,0,8,0,8,8,8,8,8]} 1. c3 e5 2. c4 Nf6 3. Nc3 Bb4 {[#]} 4. h4 $146 ({Predecessor:} 4. a3 Bxc3 5. bxc3 O-O 6. Nf3 Nc6 7. g3 d6 8. d3 Bg4 9. Bg2 Re8 10. h3 Qd7 {0-1 (10) Madamombe,A-Hinda,O Port Elizabeth 2016}) 4... O-O 5. e3 c6 6. g4 {A00: Irregular Openings.} d5 7. g5 $1 {[%cal Rg5f6]} Ne8 8. a3 {Black has an edge.} Be7 9. cxd5 cxd5 10. d4 exd4 11. exd4 Nc6 12. Bg2 Nc7 13. Nge2 Bf5 14. Ng3 Be6 15. O-O Qd7 (15... Bd6 $17) 16. Bf4 $11 Rad8 17. Re1 Rfe8 (17... Bd6 $15 18. Nce2 f6) 18. Qd3 Bd6 19. Nh5 Bg4 (19... Ne7 {keeps more tension.} 20. Bg3 Bf5 21. Qd2 Ng6 22. Rxe8+ Rxe8 23. Bf3 Bg4) 20. Rxe8+ Rxe8 21. Bxd6 (21. Qg3 $11 Bxf4 22. Nxf4) 21... Qxd6 $15 22. Qg3 Qxg3 $1 23. Nxg3 Nxd4 24. Nxd5 Nxd5 25. Bxd5 Kf8 (25... Bf3 $15 26. Bxf3 Nxf3+ 27. Kf1 g6) 26. Bxb7 $11 Rb8 27. Be4 Rxb2 28. Rc1 Rb3 {[#] ...Rxg3+! is the strong threat.} 29. Rc4 Nf3+ 30. Bxf3 $1 Bxf3 {[%mdl 4096] Endgame KRB-KRN} 31. Nf5 {[%cal Rc4c8]} Ke8 (31... Bb7 $11 {keeps the balance.}) 32. Rc7 (32. Nxg7+ $16 Kd7 33. Ra4) 32... Bd5 33. Nxg7+ Kd8 $1 {[%cal Rd8c7]} 34. Rc5 Bb7 35. Ra5 (35. Rf5 $16) 35... Rh3 $1 {[%csl Gb7][%cal Rh3h1]} 36. Kf1 Rxh4 {aiming for ...Bf3.} 37. Rxa7 $2 {[%mdl 8192] [#]} (37. Nf5 $11 Rh5 38. Ng3 (38. Rxa7 Rxg5 39. Rxb7 Rxf5 $11)) 37... Kc7 $2 (37... Bf3 {mates} 38. Ne6+ fxe6 39. Ke1 Rd4 40. Ra8+ Kc7 41. Ra7+ Kb6 42. Rd7 Rxd7 43. Kf1 Rd1#) 38. Ra5 $2 {[%mdl 8192]} (38. Nf5 $11 {and White is okay.} Rg4 39. Nd6) 38... h6 $2 (38... Bf3 $19 {[%cal Rh4h1]} 39. Ke1 Rd4 40. Rc5+ Kd7) 39. gxh6 Rxh6 40. Rf5 Ba6+ 41. Ke1 Rh3 42. Rxf7+ Kb6 43. f3 Rh1+ 44. Kf2 Ra1 45. Rf6+ Ka5 46. Ne6 Rxa3 47. Nd4 Bc4 48. Kg3 Kb4 $2 {[%mdl 8192]} (48... Bd3 $14) 49. Kf4 $2 (49. Nc2+ $18 Kb3 50. Nxa3 Kxa3 51. Rf8) 49... Kc3 50. Ke4 Ra8 51. Nc6 Be2 (51... Ra6 $11) 52. f4 (52. Ne5 $14) 52... Ra4+ ({Black should play} 52... Ra6 $11) 53. Ke5 (53. Ke3 $5 {[%cal Re3e2]} Bf1 54. Rd6 $16) 53... Bf3 54. f5 ({White should try} 54. Rh6 $14) 54... Ra6 $1 {The position is equal.} 55. Nd4 Rxf6 56. Nb5+ Kd2 57. Kxf6 Bg4 58. Ke5 Bxf5 {Quite a comeback for White. Accuracy: White = 60%, Black = 55%.} 1/2-1/2

[Event "FIDE Online Steinitz Memorial Open"]
[Site "Internet"]
[Date "2020.05.15"]
[Round "1.1"]
[White "Grischuk, Alexander"]
[Black "Korobov, Anton"]
[Result "0-1"]
[WhiteElo "2765"]
[BlackElo "2667"]
[Annotator "TA"]
[PlyCount "70"]
[EventDate "2020.05.15"]
[EventType "tourn"]
[SourceTitle "playchess.com"]
[Source "ChessBase"]
[SourceQuality "1"]

{[%evp 9,70,-14,4,2,6,0,12,0,0,0,0,0,14,14,21,0,0,-22,0,0,52,18,40,17,16,42,43,27,52,36,22,21,26,-3,0,0,13,0,0,15,14,-17,-12,-2,-12,-15,-15,-15,-15,-98,-92,-100,-96,-100,-95,-100,-84,-135,-150,-783,-770,-736,-720]} 1. Nf3 d5 2. d4 Nf6 3. Bf4 Bf5 4. e3 e6 5. Ne5 Bd6 6. Nc3 {D02: 1 d4 d5 2 Nf3 sidelines, including 2...Nf6 3 g3 and 2...Nf6 3 Bf4.} Nbd7 7. Bd3 O-O $5 {[%mdl 4] An interesting side line.} 8. O-O {The position is equal.} Qe7 9. Nb5 Bxd3 10. cxd3 {[#]} Bxe5 $146 ({Predecessor:} 10... Rfc8 11. Rc1 a6 12. Nxd6 cxd6 13. Nf3 Nh5 14. Bg5 Qe8 15. Qb3 h6 16. Bh4 g5 {½-½ (38) Budzyn,R (2312)-Degerhammar,R (2451) ICCF email 2007}) 11. dxe5 Ne8 12. Qg4 Qb4 13. Nd4 c5 14. Nf3 Qb6 (14... Qxb2 $11 15. Rab1 Qxa2) 15. h4 Kh8 16. h5 h6 17. Qh4 f6 18. b3 Rc8 19. Qg3 fxe5 20. Bxe5 Nef6 21. Nh4 {[%cal Bf3h4,Bh4g6,Bg6e5][%mdl 32]} Kg8 22. Ng6 Rf7 23. Qh4 (23. Bxf6 {seems wilder.} Nxf6 24. Qh2 Re8 25. Ne5 Rc7 26. Rac1) 23... Nxe5 (23... Qb5 {keeps more tension.} 24. Rad1 Nxe5 25. Nxe5 Rfc7 26. f4 Qe8) 24. Nxe5 Rfc7 25. Rae1 Qd6 26. f4 b5 27. g4 c4 28. bxc4 bxc4 29. dxc4 (29. g5 $1 $11 hxg5 30. Qxg5) 29... dxc4 $17 30. g5 hxg5 31. Qxg5 c3 32. h6 c2 {Strongly threatening ...Qd2.} 33. Rc1 {[#]} (33. Qg6 $142) 33... Qd2 $1 {[%cal Rd2e3]} 34. Rfe1 $2 {[#]} (34. Qg3 $17) 34... Qxe1+ $1 $19 {[%mdl 576] Remove Defender, Promotion} 35. Rxe1 c1=Q {Accuracy: White = 65%, Black = 93%.} 0-1

[Event "FIDE Online Steinitz Memorial Open"]
[Site "Internet"]
[Date "2020.05.15"]
[Round "1.1"]
[White "Bu, Xiangzhi"]
[Black "Mamedyarov, Shakhriyar"]
[Result "1/2-1/2"]
[WhiteElo "2760"]
[BlackElo "2716"]
[Annotator "TA"]
[PlyCount "68"]
[EventDate "2020.05.15"]
[EventType "tourn"]
[SourceTitle "playchess.com"]
[Source "ChessBase"]
[SourceQuality "1"]

{[%evp 20,68,36,23,37,57,51,37,67,69,68,-28,-29,-32,-33,-14,-14,-14,-9,-13,0,0,0,0,1,0,12,0,0,0,0,0,0,0,0,0,2,0,0,0,0,0,12,0,0,0,14,0,0,0,12]} 1. Nf3 d5 2. d4 Nf6 3. c4 dxc4 4. e3 e6 5. Bxc4 c5 6. O-O a6 7. dxc5 Bxc5 8. Qxd8+ Kxd8 9. Rd1+ Ke7 10. Be2 Nbd7 11. Nbd2 Rd8 {[#] D27: Queen's Gambit Accepted: Classical main line: 7 e4!? and 7 a4.} 12. Nb3 $146 ({Predecessor:} 12. Nc4 b6 13. Nd4 Bb7 14. Nb3 Bd5 15. Bd2 Rac8 16. Rac1 a5 17. Nxc5 Bxc4 18. Rxc4 Nxc5 19. f3 {½-½ (70) Magallanes,F (2526)-Luzio,N (2316) ICCF email 2010}) 12... Bd6 13. Nfd2 Kf8 {White is slightly better.} 14. Nc4 Be7 15. Nd6 (15. Nd4 $14) 15... Ne5 $11 16. Nxc8 Rxd1+ 17. Bxd1 Rxc8 {The position is equal.} 18. Be2 Ne4 19. f3 Nc5 20. Nxc5 Rxc5 21. Kf1 Ke8 22. e4 g5 23. Bd2 Nc4 24. Bc3 Rc6 25. Bxc4 Rxc4 {[%mdl 4096] Endgame KRB-KRB} 26. Ke2 f5 27. exf5 exf5 28. Kd3 Rc6 29. Re1 Kd7 30. Re5 f4 31. Rf5 Ke6 32. Re5+ Kd7 33. Rd5+ Ke6 34. Re5+ Kd7 {Accuracy: White = 90%, Black = 96%.} 1/2-1/2

[Event "FIDE Online Steinitz Memorial Open"]
[Site "Internet"]
[Date "2020.05.15"]
[Round "1.1"]
[White "Dubov, Daniil"]
[Black "Le, Quang Liem"]
[Result "1/2-1/2"]
[WhiteElo "2720"]
[BlackElo "2690"]
[Annotator "TA"]
[PlyCount "95"]
[EventDate "2020.05.15"]
[EventType "tourn"]
[SourceTitle "playchess.com"]
[Source "ChessBase"]
[SourceQuality "1"]

{[%evp 14,95,0,-9,0,0,0,-8,0,-6,0,5,5,5,5,5,5,6,8,4,6,4,6,10,8,4,20,27,56,16,43,20,36,18,33,34,64,43,40,41,38,21,38,50,43,22,17,16,10,16,17,19,13,8,12,0,0,0,0,0,3,0,8,0,47,0,0,0,0,0,0,0,0,0,0,0,0,0,0,0,0,0,0,0]} 1. d4 Nf6 2. Nf3 e6 3. c4 b6 4. g3 Bb7 5. Bg2 Be7 6. O-O O-O 7. d5 {7.Re1 is a critical line.} exd5 8. Nd4 c6 {E17: Queen's Indian: 4 g3 Bb7 5 Bg2 Be7.} 9. cxd5 Nxd5 10. e4 Nc7 11. Nc3 d5 12. Bf4 Nba6 13. Nxc6 Bxc6 14. exd5 Bb7 15. d6 $36 {[%mdl 2112] [#] Double Attack. White is more active.} Bxg2 16. dxe7 Qxe7 17. Kxg2 Rfd8 18. Qf3 Ne6 19. Be3 {[#]} Nac5 $146 ({Predecessor:} 19... Nb4 20. Rad1 Rxd1 21. Rxd1 Rd8 22. Rxd8+ Qxd8 23. Qe4 Nd3 24. b4 Ne1+ 25. Kf1 Qd3+ 26. Qxd3 Nxd3 {½-½ (42) Dubov,D (2634)-Goganov,A (2575) Moscow 2016}) 20. Rad1 Qb7 21. Nd5 {[#] Threatens to win with Bxc5.} (21. Qxb7 {is more complex.} Nxb7 22. Nb5 a6 23. Nd4 Nxd4 24. Rxd4 Rxd4 25. Bxd4 b5 26. Rc1) 21... Rab8 22. Rd2 Re8 23. Rfd1 Nd7 24. Kg1 h6 25. h4 Ne5 26. Qe4 Nc5 27. Qf5 Qc8 28. Qxc8 Rbxc8 29. Kg2 Nc4 30. Rc2 Nxe3+ 31. Nxe3 Kf8 32. b4 Ne6 33. Rxc8 Rxc8 $11 {[%mdl 4096] Endgame KRN-KRN} 34. h5 Ke7 35. f4 Rd8 36. Rxd8 Nxd8 {KN-KN} 37. Kf3 Nc6 38. a3 g6 39. hxg6 fxg6 {The position is equal.} 40. Ke4 Ke6 41. g4 h5 42. f5+ gxf5+ 43. gxf5+ Kf6 44. Nd5+ Kg5 45. f6 {White wants to mate with f7.} Kg6 46. Nf4+ Kxf6 {Strongly threatening ...Kg5.} 47. Nxh5+ Ke6 48. Nf4+ {Accuracy: White = 94%, Black = 86%.} 1/2-1/2

[Event "FIDE Online Steinitz Memorial Open"]
[Site "Internet"]
[Date "2020.05.15"]
[Round "1.1"]
[White "Anton Guijarro, David"]
[Black "Xiong, Jeffery"]
[Result "1-0"]
[WhiteElo "2590"]
[BlackElo "2724"]
[Annotator "TA"]
[PlyCount "83"]
[EventDate "2020.05.15"]
[EventType "tourn"]
[SourceTitle "playchess.com"]
[Source "ChessBase"]
[SourceQuality "1"]

{[%evp 16,83,29,25,28,23,18,19,21,15,14,18,22,16,31,39,31,39,45,45,40,43,47,45,38,33,89,89,91,91,101,111,123,83,84,84,83,73,147,68,68,68,68,0,0,0,68,58,68,0,79,85,217,0,481,458,704,698,29976,29977,29983,29984,29984,29985,29984,29979,29977,29978,29981,29979]} 1. Nf3 c5 2. c4 Nf6 3. Nc3 Nc6 4. g3 g6 5. Bg2 Bg7 6. d4 cxd4 7. Nxd4 O-O 8. O-O Qa5 {is recently more successful than 8...Nxd4.} 9. e3 d6 {A39: Symmetrical English vs ...g6: 4 Bg2 Bg7 5 Nf3 Nf6 6 0-0 0-0 7 d4.} 10. Bxc6 bxc6 11. Nxc6 Qc7 {The position is equal.} 12. Nd5 Nxd5 13. cxd5 Bb7 14. Bd2 Bxb2 15. Rb1 Bxc6 16. dxc6 Rab8 17. Qc2 Ba3 {[#]} 18. Qa4 $5 $146 {[%mdl 8] New and interesting.} ({Predecessor:} 18. Rxb8 Rxb8 19. Rb1 Rxb1+ 20. Qxb1 Qxc6 21. Qb8+ Kg7 22. Qxa7 Qc2 23. Qxa3 Qxd2 24. Qa8 {½-½ (31) Erdos,V (2661)-Ragger,M (2668) Germany 2014}) 18... Bc5 $1 19. Ba5 Bb6 20. Bxb6 axb6 (20... Rxb6 $14 21. Rxb6 Qxb6) 21. Rfc1 $36 {[%mdl 2048] Keeping Black busy.} Ra8 {[#]} 22. Qd4 $1 Rfb8 23. a4 e5 24. Qc4 Ra5 25. Rb5 Rba8 26. Qb3 R8a6 (26... Rxa4 $142 27. Rxb6 Ra1 28. Rxa1 Rxa1+ 29. Kg2 Rc1) 27. Rxa5 ({Better is} 27. Rc4 $16) 27... Rxa5 {[%mdl 4096] Endgame KQR-KQR} 28. h4 Kf8 29. Rc2 ({White should try} 29. Kg2 $14) 29... Ke7 $1 $11 30. Kg2 Kd8 (30... Rc5 $11 31. Rxc5 dxc5) 31. e4 Kc8 32. h5 (32. g4 $14) 32... Kb8 (32... gxh5 $11 33. Kf3 h6) 33. h6 $16 Ka7 {[#]} (33... Rc5 $16 {keeps fighting.}) 34. Qf3 $2 (34. Rc3 $1 $18) 34... f5 $2 {[%mdl 8192]} (34... Rc5 $11 {and Black has nothing to worry.} 35. Qb3 f5) 35. exf5 $18 gxf5 (35... e4 $142 36. Qxe4 Re5) 36. Qxf5 Rc5 37. Rxc5 {White mates.} bxc5 38. Qd7 Kb8 {[#]} 39. a5 $1 {[%cal Ba4a5,Ba5a6][%mdl 544]} c4 (39... Qxa5 40. Qb7#) 40. Kf3 c3 41. Ke2 e4 42. a6 {Accuracy: White = 79%, Black = 64%.} 1-0

[Event "FIDE Online Steinitz Memorial Open"]
[Site "Internet"]
[Date "2020.05.15"]
[Round "2"]
[White "Xiong, Jeffery"]
[Black "Svidler, Peter"]
[Result "1/2-1/2"]
[WhiteElo "2724"]
[BlackElo "2754"]
[Annotator "TA"]
[PlyCount "62"]
[EventDate "2020.05.15"]
[EventType "tourn"]
[SourceTitle "playchess.com"]
[Source "ChessBase"]
[SourceQuality "1"]

{[%evp 16,62,18,15,17,25,15,17,15,0,0,0,0,-3,0,0,0,0,0,0,0,0,0,-7,-8,-25,0,0,0,0,0,0,0,0,0,0,0,0,0,0,0,0,0,0,0,0,0,0,0]} 1. d4 Nf6 2. c4 g6 3. Nc3 d5 4. cxd5 Nxd5 5. Na4 Bg7 6. e4 Nb6 7. Be3 O-O 8. Nf3 Nxa4 9. Qxa4 c5 {D85: Exchange Grünfeld: Unusual White 7th moves and lines with 7 Nf3.} 10. Rd1 cxd4 11. Nxd4 Bd7 12. Bb5 Bxb5 13. Qxb5 {[#] Ne6 is the strong threat.} Qb6 {And now ...Bxd4 would win.} 14. a4 {[#]} Nc6 $146 ({Predecessor:} 14... Rd8 15. Qxb6 axb6 16. b3 Na6 17. Nb5 Rxd1+ 18. Kxd1 Nc5 19. Bxc5 bxc5 20. Kc2 Rd8 {1-0 (49) Travnicek,P (2144)-Gzib,D (1994) Slovakia 2019}) 15. Nxc6 bxc6 16. Qxb6 axb6 17. b3 Rfb8 18. Rd7 b5 19. O-O bxa4 20. bxa4 Rxa4 21. Rxe7 {The position is equal.} Bf8 22. Rc7 Rxe4 23. Rxc6 h5 24. g3 Reb4 25. Rc2 Rb2 26. Rfc1 Rxc2 27. Rxc2 Bg7 28. Kg2 Bf6 29. h4 Rb2 30. Rxb2 Bxb2 31. Kf3 Kg7 {Not much happened in this game. Accuracy: White = 100%, Black = 95%.} 1/2-1/2

[Event "FIDE Online Steinitz Memorial Open"]
[Site "Internet"]
[Date "2020.05.15"]
[Round "2"]
[White "Mamedyarov, Shakhriyar"]
[Black "Dubov, Daniil"]
[Result "0-1"]
[WhiteElo "2716"]
[BlackElo "2720"]
[Annotator "TA"]
[PlyCount "54"]
[EventDate "2020.05.15"]
[EventType "tourn"]
[SourceTitle "playchess.com"]
[Source "ChessBase"]
[SourceQuality "1"]

{[%evp 10,54,16,3,34,24,29,0,5,0,0,-19,-14,-52,-41,-68,-62,-64,-45,-101,-36,-199,-56,-55,0,0,0,-56,-54,-80,-68,-135,-43,-61,-32,-47,-47,-41,-48,-1962,-622,-1950,-1842,-29991,-29990,-29990,-29991]} 1. d4 d5 2. c4 e6 3. Nc3 c6 4. e3 Nf6 5. Nf3 Nbd7 6. Qc2 {[#]} a5 $146 {D45: Semi-Slav: 5 e3.} ({Predecessor:} 6... Bd6 7. Bd3 O-O 8. O-O e5 9. cxd5 cxd5 10. e4 exd4 11. Nxd5 Nxd5 12. exd5 h6 13. Nxd4 Qh4 14. Nf3 Qh5 15. Bh7+ Kh8 16. Qf5 Qxf5 17. Bxf5 Nf6 18. Bc2 b6 19. Rd1 Bb7 20. Bb3 Rad8 21. Be3 {½-½ (30) Nepomniachtchi,I (2784)-Ding,L (2791) chess.com INT 2020}) 7. h3 Be7 8. g4 dxc4 {The position is equal.} 9. Bxc4 b5 10. Bd3 (10. Be2 {seems wilder.} O-O 11. e4 Nb6 12. Bd3 Nfd7 13. e5) 10... b4 11. Ne4 Nxe4 12. Bxe4 ({But not} 12. Qxc6 Nec5 $1 $17 {[%mdl 512]}) 12... Bb7 13. Nd2 (13. Bxc6 $2 Rc8 $19) 13... Rc8 14. a3 (14. b3 $15) 14... O-O (14... Ba6 $17 15. Bd3 Bxd3 16. Qxd3 c5) 15. Bxh7+ Kh8 16. Be4 $1 Ba6 17. Bd3 $1 {[%cal Rd3a6]} Bb7 18. Be4 $1 Nf6 19. O-O Nxe4 20. Nxe4 {[#]} (20. Qxe4 $15 Qd7 21. Qd3) 20... c5 (20... f5 $1 $17 {[%cal Rf5e4]} 21. Nc5 Bxc5 22. Qxc5 Qh4 {[%mdl 64] Double Attack}) 21. Nxc5 $15 Bxc5 (21... Bf3 $5 {[%cal Re7d6]} 22. e4 Bxc5 23. dxc5 Qh4 $15) 22. dxc5 f5 {...Bf3 is the strong threat.} ({Much weaker is} 22... Qd5 $6 {[#]} 23. e4 $1 $11 {[%mdl 512]}) 23. axb4 Bf3 {Strongly threatening ...Qh4.} 24. Kh2 $2 {[%mdl 8192]} ({Don't go for} 24. Rxa5 $2 Qh4 $19) (24. Qc3 $15) 24... Qc7+ $19 25. Kg1 fxg4 26. hxg4 Qe7 27. Qg6 Rf6 {Accuracy: White = 64%, Black = 79%.} 0-1

[Event "FIDE Online Steinitz Memorial Open"]
[Site "Internet"]
[Date "2020.05.15"]
[Round "2"]
[White "Le, Quang Liem"]
[Black "Carlsen, Magnus"]
[Result "0-1"]
[WhiteElo "2690"]
[BlackElo "2887"]
[Annotator "TA"]
[PlyCount "120"]
[EventDate "2020.05.15"]
[EventType "tourn"]
[SourceTitle "playchess.com"]
[Source "ChessBase"]
[SourceQuality "1"]

{[%evp 13,120,9,9,9,4,7,10,11,20,19,31,14,20,10,15,13,12,14,8,10,9,0,0,0,0,0,12,0,0,0,0,0,0,-84,0,0,0,0,0,-17,-3,-64,-63,-65,-10,-18,-15,-15,-15,-15,0,-15,-15,-30,-30,-65,0,-65,-65,-72,-65,-65,-31,-45,0,0,0,0,0,0,0,0,0,0,0,0,0,0,0,-2,-2,-3,0,-320,-330,-293,-277,-306,-238,-454,-451,-452,-460,-456,-439,-388,-338,-12841,-12841,-12841,-12838,-12842,-12843,-12843,-12841,-12845,-12845,-12845,-12843]} 1. Nf3 d5 2. d4 Nf6 3. c4 e6 4. g3 Bb4+ 5. Nbd2 O-O 6. Bg2 b6 7. O-O Bb7 8. b3 {E16: Queen's Indian: 4 g3 Bb7 5 Bg2 Bb4+.} a5 9. Bb2 a4 10. a3 {The position is equal.} Bxd2 11. Nxd2 axb3 12. Nxb3 {[#]} Qc8 $146 ({Predecessor:} 12... Bc6 13. c5 Ba4 14. cxb6 cxb6 15. Qd3 Nc6 16. Nd2 Qd7 17. Bc3 Rfc8 18. Rfc1 h6 19. e3 Na7 20. Bb4 Rxc1+ 21. Rxc1 Rc8 22. Rxc8+ Qxc8 23. Qc3 Qd7 24. Bf1 {½-½ (24) Shevchenko,K (2569)-Sargsyan,S (2489) Kirishi 2018}) 13. Rc1 dxc4 {[#] ...Bxg2 is the strong threat.} 14. Bxb7 Qxb7 15. Rxc4 Nbd7 16. Qc2 Rfc8 17. Rc1 {[%cal Rc4c7]} Ne8 18. a4 h6 19. Nd2 Qa6 20. e3 Ra7 21. Ne4 Rca8 22. h4 Qb7 23. Bc3 (23. Rb4 $11 {keeps the balance.}) 23... Nd6 ({Better is} 23... f5 $17 24. Nd2 Nd6) 24. Nxd6 $11 cxd6 25. Be1 d5 26. Rb4 Qa6 27. Qc6 (27. g4 $11) 27... Qe2 $15 28. Kg2 Nf6 ({Black should play} 28... g5 $15 29. Qc2 Qxc2 30. Rxc2 Rxa4) 29. Qc2 $11 Qxc2 30. Rxc2 Rxa4 31. Rxb6 Ra2 32. Rbc6 g5 33. hxg5 hxg5 34. f3 R8a3 (34... g4 $15) 35. Bf2 (35. g4 $11) 35... g4 $15 36. fxg4 Nxg4 37. Kf3 Rxc2 (37... Nf6 {is more complex.} 38. Rc7 Ne4 39. g4 Kg7 40. Bh4 Ra1) 38. Rxc2 {[%mdl 4096] Endgame KRB-KRN} Nf6 39. g4 Ra1 40. Bg3 Ne4 41. Be5 Kh7 42. Kg2 Kg6 43. Bf4 f6 44. Rb2 Rd1 45. Rc2 Rd3 46. Re2 Nd2 47. Kf2 Nc4 {Threatens to win with ...e5.} 48. Bg3 $2 {[%mdl 8192]} (48. Ra2 $11 {and White is okay.}) 48... Kg5 $19 49. Kf3 Nd2+ 50. Kg2 Kxg4 51. Bf4 $2 (51. Rf2 {keeps fighting.}) 51... Nc4 52. Kf2 Kf5 53. Kf3 e5 54. dxe5 fxe5 55. Bg3 $2 (55. Bh6) 55... d4 {Black is clearly winning.} 56. Bf2 Rb3 57. Re1 e4+ 58. Kg2 d3 59. Rc1 {[#]} d2 $1 60. Rd1 Kg4 {Accuracy: White = 78%, Black = 89%.} 0-1

[Event "FIDE Online Steinitz Memorial Open"]
[Site "Internet"]
[Date "2020.05.15"]
[Round "2"]
[White "Korobov, Anton"]
[Black "Bu, Xiangzhi"]
[Result "0-1"]
[WhiteElo "2667"]
[BlackElo "2760"]
[Annotator "TA"]
[PlyCount "64"]
[EventDate "2020.05.15"]
[EventType "tourn"]
[SourceTitle "playchess.com"]
[Source "ChessBase"]
[SourceQuality "1"]

{[%evp 13,64,37,34,31,31,18,45,20,31,27,29,26,35,40,44,22,36,39,32,29,48,30,54,29,17,20,50,43,34,16,18,6,35,21,32,0,27,-20,-11,-74,8,-337,-322,-358,-206,-606,-605,-660,-673,-1002,-974,-1715,-1681]} 1. d4 d5 2. c4 c6 3. Nf3 Nf6 4. e3 Bf5 5. Nc3 e6 6. Nh4 Bg6 7. Nxg6 hxg6 8. Bd2 {8.Bd2 was played by the boomers. D12: Slav Defence: 3 Nf3 Nf6 4 e3 Bf5.} Nbd7 9. g3 Bd6 10. Qb3 {White wants to play c5.White is slightly better.} Rb8 11. Bg2 O-O 12. O-O dxc4 13. Qxc4 e5 14. Rad1 Nb6 15. Qb3 exd4 16. exd4 Qd7 17. Bg5 {[#]} Rfe8 $5 $146 {[%mdl 8] An interesting novelty.} ({Predecessor:} 17... Qf5 18. Bxf6 Qxf6 19. a4 Qd8 20. f4 Nd7 21. d5 Nf6 22. Kh1 c5 23. Qc2 a6 {½-½ (41) Dreev,A (2607)-Georgiev,K (2649) Sibenik 2007}) 18. Bxf6 gxf6 19. d5 {Ne4 is the strong threat.} c5 20. Ne4 Kg7 21. Qc3 Be5 22. Qxc5 Na4 23. Qb4 f5 24. Ng5 b5 {[%cal Bb7b5,Bb5b4][%mdl 32]} 25. b3 Nc3 $36 {[%mdl 2048] Black is more active.} 26. Rd2 (26. Rd3 $11 Rbc8 27. d6) 26... Qd6 ({Better is} 26... Rbc8 $17 27. Qa3 Bf6) 27. Qa5 $2 {[%mdl 8192] [#] Now White is beyond hope.} ({Avoid the trap} 27. Qh4 $2 Rh8 $19) (27. Qxd6 $1 $11 Bxd6 28. Nf3) 27... Bf6 $19 28. h4 Re7 (28... b4 $142 29. Ra1 Ne2+ {[%mdl 64] Discovered Attack} 30. Rxe2 Rxe2) 29. Nf3 $2 (29. a3) 29... b4 {Black is clearly winning.} 30. a4 {White hopes to continue with Rc1.} Rb6 31. Nd4 Bxd4 {[%mdl 64] [#] Overworked Piece} 32. Rxd4 Ne2+ {[%mdl 64] Double Attack. Accuracy: White = 44%, Black = 66%.} 0-1

[Event "FIDE Online Steinitz Memorial Open"]
[Site "Internet"]
[Date "2020.05.15"]
[Round "2"]
[White "Anton Guijarro, David"]
[Black "Grischuk, Alexander"]
[Result "0-1"]
[WhiteElo "2590"]
[BlackElo "2765"]
[Annotator "TA"]
[PlyCount "65"]
[EventDate "2020.05.15"]
[EventType "tourn"]
[SourceTitle "playchess.com"]
[Source "ChessBase"]
[SourceQuality "1"]

{[%evp 20,65,31,25,31,21,22,1,16,0,50,-20,34,-17,46,-25,-26,-58,-16,-103,-111,-110,-97,-101,-87,-139,-141,-181,-152,-237,-249,-264,-252,-264,-266,-283,-227,-383,-318,-404,-396,-418,-416,-425,-412,-862,-852,-777]} 1. Nf3 Nf6 2. c4 g6 3. Nc3 Bg7 4. e4 d6 5. d4 O-O 6. Be2 e5 7. d5 a5 8. Bg5 h6 9. Bh4 Na6 10. Nd2 Nc5 11. g4 a4 $5 {[%mdl 4] Leaves trodden paths. E93: King's Indian: Classical: Petrosian System with 7...Nbd7.} 12. f3 c6 13. Qc2 Qa5 {[#] The position is equal.} 14. a3 $146 ({Predecessor:} 14. Bf2 Bd7 15. Be3 cxd5 16. cxd5 b5 17. a3 Rac8 18. O-O Nh7 19. Kg2 f5 20. h3 {0-1 (60) Szypulski,A (2390)-Terzic,S (2360) Augustow 1989}) 14... Bd7 15. O-O (15. O-O-O $14) 15... cxd5 (15... h5 $11) 16. cxd5 (16. exd5 $14 h5 17. h3) 16... b5 (16... Rfc8 $11) 17. Bf2 (17. b4 $14 axb3 18. Nxb3 Nxb3 19. Qxb3) 17... Rfc8 $11 18. Rfc1 Rab8 19. Qd1 (19. Be3 $11 {remains equal.}) 19... h5 $17 20. g5 Nh7 $1 21. Be3 {[#]} Qd8 $1 22. h4 (22. Qf1 $142) 22... f6 23. Kh1 fxg5 24. hxg5 (24. Qg1 $17) 24... Nxg5 $19 25. Qg1 {[#]} Nh3 $1 {[%cal Rh3g1]} 26. Qg3 {[#]} Nf4 $1 {[%mdl 512]} 27. Rg1 (27. Bxf4 exf4) 27... Qf6 ({Resist} 27... h4 28. Qh2 $19) 28. Bf1 $2 (28. Bxf4 exf4 29. Qh2) 28... Kh7 29. Na2 Bh6 30. Nb4 {[#]} Ne2 $1 {[%mdl 576] Discovered Attack} 31. Bxe2 {Strongly threatening Bxh6.} Bxe3 32. Rg2 (32. Rad1 $142) 32... Bxd2 33. Rag1 {Accuracy: White = 33%, Black = 76%.} 0-1